| 000 | 01010cam a22002774a 4500 | ||
|---|---|---|---|
| 999 |
_c717 _d717 |
||
| 001 | 12187453 | ||
| 003 | OSt | ||
| 005 | 20210616115423.0 | ||
| 008 | 000927s2001 nyu b 001 0 eng | ||
| 010 | _a 00049578 | ||
| 020 | _a0814470777 | ||
| 040 |
_aDLC _cDLC _dDLC |
||
| 042 | _apcc | ||
| 050 | 0 | 0 |
_aHD58.82 _b.F56 2001 |
| 082 | 0 | 0 |
_a650.1 _221 |
| 100 | 1 | _aFinlayson, Andrew. | |
| 245 | 1 | 0 |
_aQuestions that work : _bhow to ask questions that will help you succeed in any business situation / _cAndrew Finlayson. |
| 260 |
_aNew York : _bAMACOM, _c2001. |
||
| 300 |
_axxi, 360 p. ; _c23 cm. |
||
| 504 | _aIncludes bibliographical references (p. 329-347) and index. | ||
| 650 | 0 | _aOrganizational learning. | |
| 650 | 0 | _aSuccess in business. | |
| 906 |
_a7 _bcbc _corignew _d1 _eocip _f20 _gy-gencatlg |
||
| 942 |
_2lcc _cBK _nSO |
||